000 00580nam a2200217 a 4500
001 BRCA_6216
005 20190320205355.0
008 180711c1911----gw-a######---#000-0#ger-#
041 _ager
044 _agw
050 4 _aPT2629
_b.L5 W5
_c1911
100 1 _aOliven, Fritz
_d1874-
_915627
245 1 0 _aWilde Sachen
_cvon Rideamus ; zeichnungen von Ludwig Kainer.
260 _aBerlín
_bSchlesischen
_c1911
300 _a100 p.
_bil.
_c20 cm.
500 _aK76
650 1 4 _aHumorismo alemán
_96123
700 1 _aKainer, Ludwing
_eil.
_915628
902 _aGFM
942 _2lcc
_cB
999 _c5903
_d5903